000 003100000a22001330004500
041 0 _aSPA
082 0 4 _aG 868 B8879b
100 1 _aBruchez, Dardo y Nervo
245 1 0 _aBarsadoc : Y otros cuentos / Dardo y Nervo Bruchez
260 _aTemuco, Chile : Alianza
300 _a95 Pag
001 11172
942 _cBK
999 _c40538
_d40538